Nástrahy manažérskeho rozhodovania

Úlohy manažérov na úseku ľudských zdrojov. Práca s informáciami. Rozhodovanie manažéra na úseku ľudských zdrojov. Príčiny negatívneho rozhodovania.

Guardado en:
Detalles Bibliográficos
Autor principal: Bobenič Hintošová, Aneta, 1979-
Otros Autores: Udodik, Viktor
Formato: Capítulo de libro
Lenguaje:eslovaco
Materias:
Etiquetas: Agregar Etiqueta
Sin Etiquetas, Sea el primero en etiquetar este registro!

MARC

LEADER 00000naa$a2200000$$$4500
001 0068582
005 20240502083204.0
041 0 |a slo 
044 |a CZ 
245 1 0 |a Nástrahy manažérskeho rozhodovania  |c Aneta Bobenič Hintošová, Viktor Udodik 
520 |a Úlohy manažérov na úseku ľudských zdrojov. Práca s informáciami. Rozhodovanie manažéra na úseku ľudských zdrojov. Príčiny negatívneho rozhodovania. 
610 2 0 |a riadenie ľudských zdrojov 
610 2 0 |a rozhodovanie manažérske 
610 2 0 |a manažéri 
100 1 |a Bobenič Hintošová, Aneta, 1979- 
700 1 |a Udodik, Viktor